00558nam a2200193Ia 450000500170000000800410001702000180005804000180007604100080009408200230010210000200012524500620014525000120020726000460021930000260026565000200029165000240031165000290033520230228093830.0210716s2012 xx 000 0 und d a9788180549007 cAIMIT LIBRARY aeng a658.1599 21bJEEC aJeevanandam, C. aForeign exchange and risk management /cBy C Jeevanandam. a1st ed. aNew Delhi :bSultan chand & sons ,c2012. axx,432p. ;bPBc24 cm aRisk management aExchange arithmetic aFinance of foreign trade